Geography Quiz

Random Geography or City Quiz

San Fernando Valley Communities Quiz Stats

Quiz not verified by Sporcle

Challenge
Share
Tweet
Embed
Score 0/32 Timer 10:00
0 Plays Today
Population Community % Correct
57,561Northridge
89.9%
128,078Van Nuys
87.7%
64,020Reseda
84.1%
56,280Sherman Oaks
82.6%
105,127Burbank
82.6%
41,379Chatsworth
81.2%
48,605Encino
81.2%
70,541Woodland Hills
81.2%
153,406North Hollywood
76.8%
68,748Granada Hills
76.1%
44,254Canoga Park
73.9%
34,714Tarzana
73.9%
69,032Pacoima
72.5%
41,400Studio City
71.7%
42,405West Hills
71.7%
24,804San Fernando
71.7%
Population Community % Correct
203,905Glendale
71%
24,920Calabasas
68.8%
15,840Porter Ranch
66.7%
64,079Sylmar
64.5%
54,539Sun Valley
61.6%
77,908Panorama City
59.4%
50,594Winnetka
59.4%
62,900North Hills
58%
29,425Arleta
54.3%
18,764Mission Hills
53.6%
20,705Valley Village
50.7%
7,782Toluca Lake
47.1%
23,321Sunland
44.2%
25,767Tujunga
42.8%
12,000Lakeview Terrace
36.2%
3,739Shadow Hills
28.3%

You're not logged in!

Compare scores with friends on all Sporcle quizzes.
Sign Up with Email
OR
Log In

You Might Also Like...

Show Comments

Extras

Top Quizzes Today


Score Distribution

Your Account Isn't Verified!

In order to create a playlist on Sporcle, you need to verify the email address you used during registration. Go to your Sporcle Settings to finish the process.